000 01611cam a22003977a 4500
003 CHAP
005 20220329135702.0
008 971013s1995 r 00010 d
010 _a40552
011 _a41524
035 _a45650
040 _cCHAP
082 _a338.972 I59 1994
_bJal.
110 _aInstituto Nacional de Estadística, Geografía e Informática. México
_959304
245 0 _aCuaderno estadístico municipal
_b: Jalisco
260 _aAguascalientes, Ags. :
_bINEGI,
_c1995-
300 _av.
500 _aLa biblioteca tiene : v.1 Lagos de Moreno.-- v.2 Tonala
590 _aBATCH-UPD
_b10
_c20130110
_lUCH01
_h0030
590 _aBATCH-UPD
_b10
_c20130110
_lUCH01
_h2023
590 _aBATCH-UPD
_b10
_c20130409
_lUCH01
_h2012
590 _aBATCH-UPD
_b10
_c20130410
_lUCH01
_h1341
590 _aBATCH-UPD
_b10
_c20130914
_lUCH01
_h1458
590 _aCONVERSION
_b10
_c20130109
_lUCH01
_h1322
650 1 4 _aAgricultura
_xEstadisticas
_zJalisco.
_91455
650 1 4 _aGanadería
_xEstadísticas
_zJalisco.
_944714
650 1 4 _aJalisco
_xCondiciones económicas.
_960958
650 1 4 _aJalisco
_xCondiciones sociales.
_960960
650 1 4 _aJalisco
_xEstadísticas.
_960966
901 _aBK
942 _cLIBRO
949 _a338.972 I59 1994 Jal.
_bBC
_cINEGI
_d-104256
_eINEGI
_fv.1
_h88488
_i45650
_mD
_sb
949 _a338.972 I59 1994 Jal.
_bBC
_cINEGI
_d33724000551446
_eINEGI
_fv.2
_h88489
_i45650
_mD
_sb
949 _a338.972 I59 1994 Jal.
_bBC
_cINEGI
_d33724000553723
_eINEGI
_fv.2 c.2
_h88490
_i45650
_mD
_sb
949 _a338.972 I59 1994 Jal.
_bBC
_cINEGI
_d33724000842639
_eINEGI
_fv.1 c.2
_gDonaciØn
_h101123
_i45650
_sb
999 _c40552
_d40552